مكتبة جامعة عجلون الوطنية

فهرس بحث المكتبة

إدارة بساتين الرمان = POMEGRANATE / (Record no. 33286)

MARC details
000 -LEADER
fixed length control field 00631nam a22001697a 4500
003 - CONTROL NUMBER IDENTIFIER
control field JO-AjAnu
005 - DATE AND TIME OF LATEST TRANSACTION
control field 20231211121136.0
008 - FIXED-LENGTH DATA ELEMENTS--GENERAL INFORMATION
fixed length control field 231211b jo ||||| |||| 00| 0 ara d
040 ## - CATALOGING SOURCE
Language of cataloging ara
Transcribing agency JO-AjAnu
Modifying agency ANU
100 ## - MAIN ENTRY--PERSONAL NAME
Personal name عبيدات، عاهد فلاح
9 (RLIN) 64698
Relator term مؤلف
245 ## - TITLE STATEMENT
Title إدارة بساتين الرمان = POMEGRANATE /
Statement of responsibility, etc. تأليف عاهد فلاح عبيدات
260 ## - PUBLICATION, DISTRIBUTION, ETC.
Place of publication, distribution, etc. اربد :
Name of publisher, distributor, etc. المؤلف،
Date of publication, distribution, etc. 2015
300 ## - PHYSICAL DESCRIPTION
Extent 100 صفحه
500 ## - GENERAL NOTE
General note يحتوي الكتاب على صور توضيحية ملونه من وحي الطبيعة
650 ## - SUBJECT ADDED ENTRY--TOPICAL TERM
Form subdivision الزراعة-الرمان
942 ## - ADDED ENTRY ELEMENTS (KOHA)
Source of classification or shelving scheme Library of Congress Classification
Koha item type Books
Suppress in OPAC No
Holdings
Withdrawn status Lost status Source of classification or shelving scheme Damaged status Not for loan Home library Current library Date acquired Total Checkouts Full call number Barcode Date last seen Price effective from Koha item type
    Library of Congress Classification     مكتبة جامعة عجلون الوطنية مكتبة جامعة عجلون الوطنية 11/12/2023   SB357.2015 A29767 11/12/2023 11/12/2023 Books